000 00339nam a22001457a 4500
008 230516b ||||| |||| 00| 0 eng d
020 _a9780073381503
041 _aeng
080 _213 EDITION
_a330.72
082 _a330.72
100 _a22
101 _aMANAG
245 _aMANAGEMENT SKILLS & APPLICATION
_cRUE .W.L
942 _2udc
_cBK
999 _c59728
_d59728